000 00896nas a2200313 4500
001 BR0701161
003 BR-BrBNA
005 20231205110634.0
007 ta
008 230509b bl.|||p| |||| 00| 00por d
040 _aBR-BrBNA
_bpor
_cBiblioteca Nacional de Agricultura
041 _a(Pt)
072 _aF30
100 1 _aHeinemann, A.B.
100 1 _aPaciullo, D.S.C.
100 1 _aLedo, F.J. da S.
100 1 _aPereira, A.V.
100 1 _aBotrel, M. de A.
100 1 _aReis, F.A.
100 1 _aMoreira, P.
245 1 _aAvaliação de cultivares de alfafa na região central do Estado de Goiás
650 _aALFAFA
650 _aVARIEDADE
650 _aFORRAGEM
650 _aGOIÁS
773 0 _tCiência Animal Brasileira (Brazil)
_xISSN 1518-2797
_g(Jul-Sep 2006), v. 7(3) p. 257-263
_wBR0701161
909 _a202311
_bLúcia
_c55
_dLúcia Elande
942 _2AGRIS
_n0
_cANA
999 _c188309
_d188309